[Event "Shijiazhuang op 2nd"]
[Site "Shijiazhuang"]
[Date "2016.08.15"]
[Round "7"]
[White "Hou, Yifan B"]
[Black "Ha, Yihan"]
[Result "1/2-1/2"]
[WhiteElo "1646"]
[BlackElo "1459"]
[PlyCount "64"]
[EventDate "2016.08.09"]
[EventType "swiss"]
[EventRounds "9"]
[EventCountry "CHN"]
[SourceTitle "CBM 173 Extra"]
[Source "ChessBase"]
[SourceDate "2016.08.29"]
[SourceVersion "1"]
[SourceVersionDate "2016.08.29"]
[SourceQuality "1"]

1. d4 Nf6 2. Nf3 e6 3. c4 Bb4+ 4. Bd2 Bxd2+ 5. Nbxd2 d6 6. e3 Qe7 7. Be2 e5 8.
dxe5 dxe5 9. O-O O-O 10. Qc2 Bg4 11. Ne4 Nbd7 12. Nxf6+ Nxf6 13. Rfd1 Rad8 14.
h3 Bh5 15. Nh4 Bxe2 16. Qxe2 Qe6 17. Nf3 Rfe8 18. b3 h6 19. Rac1 Nd7 20. c5 Nb8
21. Qb5 Qc6 22. Qc4 Rxd1+ 23. Rxd1 Nd7 24. Qd5 Qxd5 25. Rxd5 Re7 26. b4 f6 27.
h4 Nf8 28. Rd8 Kf7 29. Kf1 Ne6 30. Rd2 Re8 31. Rd7+ Re7 32. Rd2 Re8 1/2-1/2

[Event "Shijiazhuang op 2nd"]
[Site "Shijiazhuang"]
[Date "2016.08.17"]
[Round "9"]
[White "Hou, Yifan B"]
[Black "Bai, Changlin"]
[Result "1/2-1/2"]
[WhiteElo "1646"]
[BlackElo "1532"]
[PlyCount "93"]
[EventDate "2016.08.09"]
[EventType "swiss"]
[EventRounds "9"]
[EventCountry "CHN"]
[SourceTitle "CBM 173 Extra"]
[Source "ChessBase"]
[SourceDate "2016.08.29"]
[SourceVersion "1"]
[SourceVersionDate "2016.08.29"]
[SourceQuality "1"]

1. d4 Nf6 2. Nf3 d5 3. g3 c6 4. Bg2 Bf5 5. O-O h6 6. c4 e6 7. Nc3 Bd6 8. Nd2
Be7 9. Qb3 Qb6 10. e4 dxe4 11. Ndxe4 O-O 12. Bf4 Qxb3 13. axb3 Nbd7 14. Bd6
Nxe4 15. Nxe4 Bxe4 16. Bxe7 Bxg2 17. Kxg2 Rfe8 18. Bd6 a6 19. Rfe1 Rad8 20. Kf3
Nf8 21. c5 Ng6 22. h4 Ne7 23. Bxe7 Rxe7 24. Ra4 Red7 25. Ke4 Rd5 26. f4 f6 27.
Rb4 R8d7 28. Rc4 Kf7 29. Rg1 Re7 30. Rf1 Ke8 31. Kd3 e5 32. fxe5 Rexe5 33. Rcc1
Rd7 34. Rce1 Rxe1 35. Rxe1+ Re7 36. Rxe7+ Kxe7 37. g4 g6 38. Ke4 Ke6 39. b4 f5+
40. gxf5+ gxf5+ 41. Kf4 Kf6 42. h5 Ke6 43. Kf3 Kf7 44. Ke3 Ke6 45. Kf3 Ke7 46.
Ke3 Kf6 47. Kf4 1/2-1/2

[Event "RUS-CHN Friendship rapid"]
[Site "Petropavlovsk Kamchatsky"]
[Date "2016.09.17"]
[Round "1"]
[White "Hou, Yifan"]
[Black "Inarkiev, Ernesto"]
[Result "1/2-1/2"]
[WhiteElo "2658"]
[BlackElo "2732"]
[PlyCount "136"]
[EventDate "2016.09.17"]
[EventType "match (rapid)"]
[EventRounds "4"]
[EventCountry "RUS"]
[SourceTitle "CBM 174 Extra"]
[Source "ChessBase"]
[SourceDate "2016.10.10"]
[SourceVersion "1"]
[SourceVersionDate "2016.10.10"]
[SourceQuality "1"]

1. c4 e5 2. g3 Nf6 3. Bg2 h6 4. Nc3 Bb4 5. Qb3 a5 6. a3 Bxc3 7. Qxc3 Qe7 8. Nf3
d6 9. b3 O-O 10. Bb2 c5 11. d3 Nc6 12. e3 Nd4 13. Nd2 Bg4 14. Qc1 Nc6 15. h3
Be6 16. O-O d5 17. f4 d4 18. fxe5 Nxe5 19. Qc2 Nc6 20. Rae1 Rad8 21. Kh2 Nh7
22. Rf4 dxe3 23. Rxe3 Nd4 24. Bxd4 Rxd4 25. Rxd4 cxd4 26. Re1 b6 27. Qb2 Rd8
28. Nf3 Qd6 29. Ne5 Nf6 30. b4 axb4 31. Qxb4 Qc7 32. Qb5 Rd6 33. a4 Nd7 34.
Nxd7 Bxd7 35. Qe5 Bxa4 36. Re4 Qd7 37. Rg4 f6 38. Bd5+ Kh8 39. Qxd4 Bc6 40.
Bxc6 Qxc6 41. Qe3 Re6 42. Re4 Rxe4 43. Qxe4 Qxe4 44. dxe4 Kg8 45. Kg2 Kf7 46.
Kf3 Ke6 47. Ke2 Ke5 48. Ke3 h5 49. Kd3 Ke6 50. Ke3 Ke5 51. Kd3 g6 52. Ke3 Ke6
53. Kd3 Kd6 54. Kd4 Ke6 55. Kd3 Ke5 56. Ke3 Ke6 57. Kd3 Kd6 58. Kd4 Ke6 59. Kd3
Kd7 60. Kc3 Kc6 61. Kb4 Kd6 62. Kb5 Kc7 63. c5 bxc5 64. Kxc5 Kd7 65. Kd5 Ke7
66. e5 Kf7 67. Kd6 fxe5 68. Kxe5 Ke7 1/2-1/2

[Event "RUS-CHN Friendship rapid"]
[Site "Petropavlovsk Kamchatsky"]
[Date "2016.09.17"]
[Round "2"]
[White "Inarkiev, Ernesto"]
[Black "Hou, Yifan"]
[Result "0-1"]
[WhiteElo "2732"]
[BlackElo "2658"]
[PlyCount "74"]
[EventDate "2016.09.17"]
[EventType "match (rapid)"]
[EventRounds "4"]
[EventCountry "RUS"]
[SourceTitle "CBM 174 Extra"]
[Source "ChessBase"]
[SourceDate "2016.10.10"]
[SourceVersion "1"]
[SourceVersionDate "2016.10.10"]
[SourceQuality "1"]

1. d4 Nf6 2. c4 e6 3. Nf3 b6 4. g3 Bb4+ 5. Bd2 a5 6. Bg2 Bb7 7. O-O O-O 8. Bf4
Be7 9. Nc3 Na6 10. Rc1 Ne4 11. d5 Nxc3 12. Rxc3 Nc5 13. Rc2 d6 14. Be3 Bf6 15.
Nd4 Bxd4 16. Bxd4 e5 17. Bxc5 bxc5 18. e4 Bc8 19. f4 Qf6 20. Qd3 Bd7 21. Rcf2
a4 22. f5 Qh6 23. h4 g6 24. Bh3 f6 25. Rh2 g5 26. Qe3 Rab8 27. Rff2 Rb4 28. Bf1
Kg7 29. Qf3 Be8 30. Rh3 Kh8 31. Rfh2 g4 32. Qc3 gxh3 33. Bxh3 Rg8 34. Kf2 Bh5
35. Bf1 Qg7 36. Bh3 Rxb2+ 37. Qxb2 Qxg3+ 0-1

[Event "RUS-CHN Friendship rapid"]
[Site "Petropavlovsk Kamchatsky"]
[Date "2016.09.17"]
[Round "3"]
[White "Hou, Yifan"]
[Black "Inarkiev, Ernesto"]
[Result "1-0"]
[WhiteElo "2658"]
[BlackElo "2732"]
[PlyCount "61"]
[EventDate "2016.09.17"]
[EventType "match (rapid)"]
[EventRounds "4"]
[EventCountry "RUS"]
[SourceTitle "CBM 174 Extra"]
[Source "ChessBase"]
[SourceDate "2016.10.10"]
[SourceVersion "1"]
[SourceVersionDate "2016.10.10"]
[SourceQuality "1"]

1. Nf3 Nf6 2. g3 d5 3. Bg2 g6 4. c4 c6 5. b3 Bg7 6. Bb2 O-O 7. O-O b6 8. d3 Bb7
9. Nbd2 c5 10. cxd5 Nxd5 11. Bxg7 Kxg7 12. Qc2 Nc6 13. Qb2+ f6 14. d4 cxd4 15.
Nxd4 Nxd4 16. Qxd4 e5 17. Qb2 Qe7 18. Rfd1 Rad8 19. Nc4 b5 20. Na5 Ba8 21. a3
e4 22. e3 b4 23. Nc4 Kh6 24. Rd4 f5 25. h3 Rf7 26. axb4 Nxb4 27. Rxa7 Qxa7 28.
Rxd8 Rd7 29. Rxd7 Qxd7 30. Qf6 Qc8 31. Nd6 1-0

[Event "RUS-CHN Friendship rapid"]
[Site "Petropavlovsk Kamchatsky"]
[Date "2016.09.17"]
[Round "4"]
[White "Inarkiev, Ernesto"]
[Black "Hou, Yifan"]
[Result "1-0"]
[WhiteElo "2732"]
[BlackElo "2658"]
[PlyCount "91"]
[EventDate "2016.09.17"]
[EventType "match (rapid)"]
[EventRounds "4"]
[EventCountry "RUS"]
[SourceTitle "CBM 174 Extra"]
[Source "ChessBase"]
[SourceDate "2016.10.10"]
[SourceVersion "1"]
[SourceVersionDate "2016.10.10"]
[SourceQuality "1"]

1. d4 Nf6 2. c4 e6 3. Nf3 b6 4. g3 Bb4+ 5. Bd2 Bxd2+ 6. Qxd2 Ba6 7. b3 O-O 8.
Bg2 d5 9. O-O c6 10. Rc1 Nbd7 11. a4 Rc8 12. Na3 Bb7 13. b4 c5 14. cxd5 Bxd5
15. dxc5 bxc5 16. b5 c4 17. Qb4 Bxf3 18. Bxf3 Ne5 19. Bg2 Nd5 20. Qd2 h6 21.
Qd4 Qf6 22. Kh1 c3 23. Bxd5 exd5 24. Rxc3 Rxc3 25. Qxc3 Qf5 26. Qd4 Re8 27. Kg2
Ng4 28. h3 Nf6 29. Ra2 Ne4 30. Nc2 Ng5 31. g4 Qd7 32. Ne3 Ne6 33. Qe5 d4 34.
Nf5 Nf4+ 35. Qxf4 Qd5+ 36. Kg3 Qxa2 37. Qxd4 Qa3+ 38. e3 Qf8 39. e4 Rd8 40.
Qxa7 Qa3+ 41. Kg2 Qb4 42. Qe7 Qxe7 43. Nxe7+ Kf8 44. Nc6 Rc8 45. a5 Ke8 46. b6
1-0

[Event "RUS-CHN Friendship blitz"]
[Site "Petropavlovsk Kamchatsky"]
[Date "2016.09.18"]
[Round "1"]
[White "Hou, Yifan"]
[Black "Inarkiev, Ernesto"]
[Result "0-1"]
[WhiteElo "2658"]
[BlackElo "2732"]
[PlyCount "112"]
[EventDate "2016.09.18"]
[EventType "match (blitz)"]
[EventRounds "10"]
[EventCountry "RUS"]
[SourceTitle "CBM 174 Extra"]
[Source "ChessBase"]
[SourceDate "2016.10.10"]
[SourceVersion "1"]
[SourceVersionDate "2016.10.10"]
[SourceQuality "1"]

1. e4 e5 2. Bc4 Nf6 3. d3 Nc6 4. Nc3 Na5 5. Qf3 Bb4 6. Nge2 d6 7. Bg5 h6 8. Bd2
Bg4 9. Qe3 Qd7 10. a3 Bc5 11. Qg3 Nh5 12. Qh4 g5 13. Bxg5 hxg5 14. Qxg5 Nxc4
15. dxc4 Bxe2 16. Nxe2 Qe7 17. Qg4 Nf6 18. Qf3 Rh4 19. O-O-O Rxe4 20. Nc3 Rf4
21. Qxb7 Qd8 22. Qc6+ Kf8 23. f3 Rxc4 24. Qb5 Rxc3 25. bxc3 Be3+ 26. Rd2 Rb8
27. Qd3 Bxd2+ 28. Qxd2 Qd7 29. Qh6+ Ke7 30. Re1 Qa4 31. Kd2 Rb2 32. Rc1 Qxa3
33. g4 Qa4 34. Qe3 Qf4 35. Qxf4 exf4 36. Ra1 Rb7 37. h4 Nd5 38. h5 Kf6 39. Kd3
Ne3 40. Ra4 Kg5 41. Ra5+ d5 42. Ra6 f6 43. Re6 c5 44. Re8 Rb1 45. Rg8+ Kh6 46.
Rg6+ Kh7 47. Rxf6 Ng2 48. g5 Rh1 49. h6 Rh5 50. Rf7+ Kh8 51. Rg7 Nh4 52. Ke2 a5
53. Ra7 Rxg5 54. Rxa5 c4 55. Ra7 Nf5 56. Rd7 Nxh6 0-1

[Event "RUS-CHN Friendship blitz"]
[Site "Petropavlovsk Kamchatsky"]
[Date "2016.09.18"]
[Round "3"]
[White "Hou, Yifan"]
[Black "Inarkiev, Ernesto"]
[Result "1-0"]
[WhiteElo "2658"]
[BlackElo "2732"]
[PlyCount "104"]
[EventDate "2016.09.18"]
[EventType "match (blitz)"]
[EventRounds "10"]
[EventCountry "RUS"]
[SourceTitle "CBM 174 Extra"]
[Source "ChessBase"]
[SourceDate "2016.10.10"]
[SourceVersion "1"]
[SourceVersionDate "2016.10.10"]
[SourceQuality "1"]

1. c4 Nf6 2. Nc3 c5 3. Nf3 Nc6 4. d4 cxd4 5. Nxd4 e6 6. e3 Bb4 7. Qb3 Bc5 8.
Nf3 O-O 9. Be2 d5 10. cxd5 exd5 11. O-O a6 12. Rd1 Be6 13. Qc2 Nb4 14. Qd2 Ne4
15. Nxe4 dxe4 16. Nd4 Qe7 17. Nxe6 Qxe6 18. b3 Be7 19. Bc4 Qg4 20. h3 Qh5 21.
Bb2 Rfd8 22. Qe2 Qg6 23. a3 Nd3 24. Bd4 Nc5 25. b4 Ne6 26. Be5 Bf6 27. Bxf6
Qxf6 28. Rac1 g6 29. Bd5 Rab8 30. Bxe4 Kg7 31. Rxd8 Nxd8 32. Bd5 Qe5 33. Rd1
Rc8 34. Qf3 Rc7 35. g3 Nc6 36. Bb3 a5 37. bxa5 Nxa5 38. Bd5 Nc6 39. h4 h5 40.
Kg2 Qe7 41. a4 Nb4 42. Be4 Qe8 43. Rd4 Nc6 44. Bxc6 Rxc6 45. Rb4 Ra6 46. Qf4
Qc6+ 47. Kh2 Ra5 48. Qd4+ Kh7 49. Rb6 Qf3 50. Rf6 Rf5 51. Rxf5 Qxf5 52. Qf4 Qd7
1-0

[Event "RUS-CHN Friendship blitz"]
[Site "Petropavlovsk Kamchatsky"]
[Date "2016.09.18"]
[Round "4"]
[White "Inarkiev, Ernesto"]
[Black "Hou, Yifan"]
[Result "1-0"]
[WhiteElo "2732"]
[BlackElo "2658"]
[PlyCount "125"]
[EventDate "2016.09.18"]
[EventType "match (blitz)"]
[EventRounds "10"]
[EventCountry "RUS"]
[SourceTitle "CBM 174 Extra"]
[Source "ChessBase"]
[SourceDate "2016.10.10"]
[SourceVersion "1"]
[SourceVersionDate "2016.10.10"]
[SourceQuality "1"]

1. Nf3 c5 2. g3 Nc6 3. Bg2 g6 4. O-O Bg7 5. e4 d6 6. d3 Nf6 7. Re1 O-O 8. c3
Rb8 9. h3 e5 10. d4 exd4 11. cxd4 cxd4 12. Nxd4 Qb6 13. Nb3 Be6 14. Nc3 a6 15.
Qxd6 Bxb3 16. Be3 Qb4 17. Bc5 Qc4 18. axb3 Qxb3 19. Qd1 Qxd1 20. Raxd1 Rfe8 21.
Bd6 Rbc8 22. e5 Nh5 23. Nd5 Nxe5 24. g4 Nc4 25. gxh5 Nxd6 26. Ne7+ Rxe7 27.
Rxe7 Bf8 28. Rd7 Nf5 29. Bxb7 Rc2 30. Bd5 Nh6 31. hxg6 hxg6 32. b3 Bc5 33. Rf1
a5 34. Kg2 Kg7 35. Be4 Rc3 36. Rd3 Rc2 37. Rf3 Rb2 38. Rc1 Bd4 39. Rc2 Rxc2 40.
Bxc2 f5 41. Rd3 Bc5 42. Rd5 Bb4 43. Bd3 Kf6 44. Rb5 Nf7 45. f4 Bd2 46. Rb6+ Kg7
47. Kg3 Be1+ 48. Kf3 Bb4 49. Bc4 Nd6 50. Bd5 Kf6 51. Rc6 Ke7 52. Ra6 Kf6 53.
Ke3 Bc5+ 54. Kd3 Bb4 55. Kd4 Ke7 56. Ra7+ Kf6 57. Ra6 Ke7 58. Bc4 Kf6 59. Kd5
Ke7 60. Bd3 Kd7 61. Ra7+ Kd8 62. Rg7 Ne8 63. Rxg6 1-0

[Event "RUS-CHN Friendship blitz"]
[Site "Petropavlovsk Kamchatsky"]
[Date "2016.09.18"]
[Round "5"]
[White "Hou, Yifan"]
[Black "Inarkiev, Ernesto"]
[Result "1-0"]
[WhiteElo "2658"]
[BlackElo "2732"]
[PlyCount "56"]
[EventDate "2016.09.18"]
[EventType "match (blitz)"]
[EventRounds "10"]
[EventCountry "RUS"]
[SourceTitle "CBM 174 Extra"]
[Source "ChessBase"]
[SourceDate "2016.10.10"]
[SourceVersion "1"]
[SourceVersionDate "2016.10.10"]
[SourceQuality "1"]

1. b3 e5 2. Bb2 d6 3. c4 g6 4. Nc3 Bg7 5. g3 Nf6 6. Bg2 O-O 7. e3 c6 8. d4 exd4
9. Qxd4 Bf5 10. Qd2 Nbd7 11. Nge2 Ne5 12. O-O Bh3 13. Rad1 Bxg2 14. Kxg2 Qa5
15. Qxd6 Rfd8 16. Qa3 Qc7 17. Rxd8+ Rxd8 18. Qxa7 Nd3 19. Ba3 Ng4 20. h3 Nge5
21. c5 Qd7 22. Qa4 Qe8 23. Qe4 f5 24. Qh4 Ra8 25. Bc1 Qf7 26. Qd4 Bf6 27. f4
Nxc1 28. fxe5 Nxe2 1-0

[Event "RUS-CHN Friendship blitz"]
[Site "Petropavlovsk Kamchatsky"]
[Date "2016.09.18"]
[Round "6"]
[White "Inarkiev, Ernesto"]
[Black "Hou, Yifan"]
[Result "1-0"]
[WhiteElo "2732"]
[BlackElo "2658"]
[PlyCount "87"]
[EventDate "2016.09.18"]
[EventType "match (blitz)"]
[EventRounds "10"]
[EventCountry "RUS"]
[SourceTitle "CBM 174 Extra"]
[Source "ChessBase"]
[SourceDate "2016.10.10"]
[SourceVersion "1"]
[SourceVersionDate "2016.10.10"]
[SourceQuality "1"]

1. Nf3 c5 2. g3 Nc6 3. b3 g6 4. Bb2 Nf6 5. c4 Bg7 6. Bg2 O-O 7. O-O d6 8. d4
cxd4 9. Nxd4 Bd7 10. e3 Qc8 11. Re1 Bh3 12. Bh1 Qd7 13. Nc3 Rac8 14. Qd2 h5 15.
Rac1 h4 16. Nf3 hxg3 17. hxg3 e5 18. Ng5 Bg4 19. Nge4 Nxe4 20. Nxe4 Rfd8 21.
Ba3 Qe6 22. Nxd6 e4 23. Qd5 Bf8 24. Qxe6 Bxe6 25. c5 Bxd6 26. cxd6 f5 27. f3
exf3 28. Bxf3 Kf7 29. Red1 Rd7 30. Rc5 Rh8 31. Bxc6 bxc6 32. Rxc6 Rh3 33. Kg2
Rh5 34. Rc7 Rh8 35. Bc5 a6 36. Rd2 Rb8 37. b4 Rb7 38. Rxb7 Rxb7 39. Kf3 Bd7 40.
Rh2 Ke6 41. Rh6 Kf6 42. Kf4 Rb8 43. Bd4+ Ke6 44. Rxg6+ 1-0

[Event "RUS-CHN Friendship blitz"]
[Site "Petropavlovsk Kamchatsky"]
[Date "2016.09.18"]
[Round "7"]
[White "Hou, Yifan"]
[Black "Inarkiev, Ernesto"]
[Result "1/2-1/2"]
[WhiteElo "2658"]
[BlackElo "2732"]
[PlyCount "161"]
[EventDate "2016.09.18"]
[EventType "match (blitz)"]
[EventRounds "10"]
[EventCountry "RUS"]
[SourceTitle "CBM 174 Extra"]
[Source "ChessBase"]
[SourceDate "2016.10.10"]
[SourceVersion "1"]
[SourceVersionDate "2016.10.10"]
[SourceQuality "1"]

1. c4 e5 2. g3 Nf6 3. Bg2 h6 4. d3 Bb4+ 5. Bd2 Bxd2+ 6. Qxd2 O-O 7. Nc3 Re8 8.
Nf3 c6 9. O-O d5 10. cxd5 cxd5 11. d4 e4 12. Ne5 Nbd7 13. f4 exf3 14. Nxf3 Nb8
15. Ne5 Nc6 16. Qf4 Be6 17. Nxc6 bxc6 18. Na4 Ne4 19. Rac1 Rc8 20. b3 Rc7 21.
Bxe4 dxe4 22. e3 Bh3 23. Rf2 Re6 24. Nc5 Rf6 25. Qh4 Qc8 26. Rxf6 gxf6 27. Nxe4
Bf5 28. Nxf6+ Kg7 29. Nh5+ Kf8 30. Qf4 Qe6 31. Rf1 Bd3 32. Rf2 Re7 33. Nf6 Kg7
34. Nh5+ Kf8 35. Nf6 Kg7 36. e4 Bxe4 37. Nh5+ Kf8 38. Nf6 Kg7 39. Nh5+ Kf8 40.
Qb8+ Re8 41. Qb4+ Qe7 42. Qxe7+ Rxe7 43. Nf4 Rd7 44. Rd2 c5 45. d5 Ke7 46. Kf2
Kd6 47. Ke3 Re7 48. Kf2 Re5 49. Re2 Bb1 50. Rb2 Be4 51. Re2 Bb1 52. Rd2 Be4 53.
h4 Bb1 54. g4 Be4 55. Kg3 Bb1 56. Kf3 Be4+ 57. Kf2 Bb1 58. a3 a5 59. Rb2 Be4
60. Rd2 Bb1 61. Kf3 Be4+ 62. Kf2 Bb1 63. Ne2 Bh7 64. Nc3 h5 65. g5 Rf5+ 66. Ke3
Re5+ 67. Kf4 Rf5+ 68. Kg3 Rf1 69. Nb5+ Kd7 70. Rf2 Rxf2 71. Kxf2 Bc2 72. Ke3
Bxb3 73. Ke4 Bc4 74. Nc3 Kd6 75. a4 Bb3 76. Nb5+ Kd7 77. Nc3 Kd6 78. Nb5+ Kd7
79. Nc3 Kd6 80. Nb5+ Kd7 81. Nc3 1/2-1/2

[Event "RUS-CHN Friendship blitz"]
[Site "Petropavlovsk Kamchatsky"]
[Date "2016.09.18"]
[Round "8"]
[White "Inarkiev, Ernesto"]
[Black "Hou, Yifan"]
[Result "1-0"]
[WhiteElo "2732"]
[BlackElo "2658"]
[PlyCount "81"]
[EventDate "2016.09.18"]
[EventType "match (blitz)"]
[EventRounds "10"]
[EventCountry "RUS"]
[SourceTitle "CBM 174 Extra"]
[Source "ChessBase"]
[SourceDate "2016.10.10"]
[SourceVersion "1"]
[SourceVersionDate "2016.10.10"]
[SourceQuality "1"]

1. Nf3 c5 2. c4 Nc6 3. d4 cxd4 4. Nxd4 Nf6 5. Nc3 e6 6. a3 Bc5 7. Nb3 Be7 8. e4
O-O 9. Be2 b6 10. O-O Bb7 11. f4 d6 12. Be3 a6 13. Qd3 Qc7 14. Rac1 Nb8 15. Nd4
Nbd7 16. b4 Rfd8 17. Qb1 Rac8 18. f5 e5 19. Nb3 Qb8 20. Kh1 Re8 21. Nd5 Bxd5
22. cxd5 Qb7 23. Qd3 Nb8 24. Nd2 b5 25. Nb3 Rxc1 26. Rxc1 Bd8 27. Qc2 Bb6 28.
Na5 Qa7 29. Bxb6 Qxb6 30. Qd3 h6 31. Bf3 Kh7 32. Rc2 Re7 33. Qc3 Ne8 34. Qc8
Nf6 35. h3 Re8 36. Qc3 Re7 37. Kh2 Re8 38. g3 Re7 39. Bg2 Ne8 40. Qc8 Nf6 41.
Qf8 1-0

[Event "RUS-CHN Friendship blitz"]
[Site "Petropavlovsk Kamchatsky"]
[Date "2016.09.18"]
[Round "9"]
[White "Hou, Yifan"]
[Black "Inarkiev, Ernesto"]
[Result "1-0"]
[WhiteElo "2658"]
[BlackElo "2732"]
[PlyCount "135"]
[EventDate "2016.09.18"]
[EventType "match (blitz)"]
[EventRounds "10"]
[EventCountry "RUS"]
[SourceTitle "CBM 174 Extra"]
[Source "ChessBase"]
[SourceDate "2016.10.10"]
[SourceVersion "1"]
[SourceVersionDate "2016.10.10"]
[SourceQuality "1"]

1. c4 e5 2. g3 Nf6 3. Bg2 h6 4. d3 c6 5. Nf3 Be7 6. O-O d6 7. Nc3 O-O 8. Qc2
Re8 9. d4 Bf8 10. e4 Na6 11. h3 exd4 12. Nxd4 g6 13. Be3 Qe7 14. Rfe1 Bg7 15.
Rad1 Bd7 16. a3 Nc5 17. Bf4 Rad8 18. b4 Na6 19. Qd2 Kh7 20. Nc2 Qe6 21. Ne3 Bc8
22. Bxd6 Rg8 23. e5 Ne8 24. c5 f6 25. exf6 Qxf6 26. Ne4 Qf7 27. Ng4 Nac7 28.
Qe2 Nb5 29. Bf4 Nd4 30. Qe3 Nc2 31. Qc1 Nxe1 32. Rxd8 Nxg2 33. Kxg2 Bxg4 34.
hxg4 Qe7 35. Rxe8 Rxe8 36. Nd6 Rf8 37. g5 hxg5 38. Bxg5 Qe6 39. Qd1 b5 40. Bf4
Kg8 41. Qd3 Kh7 42. Qf3 Qd7 43. Qe4 Rf6 44. Bg5 Re6 45. Qh4+ Kg8 46. Be3 Bf8
47. Bf4 Qe7 48. Qg4 Qd7 49. Qh4 Qe7 50. Qg4 Qd7 51. Qg5 Be7 52. Qh6 Bf8 53. Qh1
Be7 54. Qd1 Bf8 55. Qb3 Kh7 56. Qf3 Rf6 57. Ne4 Rf5 58. g4 Rf7 59. Ng5+ Kg8 60.
Nxf7 Qxf7 61. Be5 Qe6 62. Qf6 Qxg4+ 63. Kf1 Qd1+ 64. Kg2 Qg4+ 65. Kh2 Qh5+ 66.
Kg3 a5 67. Qe6+ Kh7 68. Qf7+ 1-0

[Event "RUS-CHN Friendship blitz"]
[Site "Petropavlovsk Kamchatsky"]
[Date "2016.09.18"]
[Round "10"]
[White "Inarkiev, Ernesto"]
[Black "Hou, Yifan"]
[Result "1/2-1/2"]
[WhiteElo "2732"]
[BlackElo "2658"]
[PlyCount "62"]
[EventDate "2016.09.18"]
[EventType "match (blitz)"]
[EventRounds "10"]
[EventCountry "RUS"]
[SourceTitle "CBM 174 Extra"]
[Source "ChessBase"]
[SourceDate "2016.10.10"]
[SourceVersion "1"]
[SourceVersionDate "2016.10.10"]
[SourceQuality "1"]

1. Nf3 b6 2. e4 Bb7 3. Nc3 c5 4. d4 cxd4 5. Nxd4 a6 6. Bd3 e6 7. f4 Qc7 8. Qf3
Ne7 9. Bd2 Nbc6 10. Nb3 d5 11. a3 dxe4 12. Nxe4 Nf5 13. Bc3 Be7 14. g4 Nh4 15.
Qg3 Qxf4 16. Rf1 Qxg3+ 17. hxg3 Ng6 18. Bxg7 Rg8 19. Nf6+ Bxf6 20. Bxf6 Nge5
21. Bxh7 Rxg4 22. O-O-O Rxg3 23. Be4 Nd7 24. Bh4 Rg4 25. Rxf7 Rxe4 26. Rdxd7
Bc8 27. Rc7 Rxh4 28. Rg7 Kf8 29. Rcf7+ Ke8 30. Rc7 Kf8 31. Rcf7+ Ke8 1/2-1/2

[Event "Douglas IoM op"]
[Site "Douglas"]
[Date "2016.10.02"]
[Round "2"]
[White "Praggnanandhaa, Rameshbabu"]
[Black "Hou, Yifan"]
[Result "0-1"]
[WhiteElo "2442"]
[BlackElo "2649"]
[PlyCount "114"]
[EventDate "2016.10.01"]
[EventType "swiss"]
[EventRounds "9"]
[EventCountry "IOM"]
[SourceTitle "EXT 2017"]
[Source "ChessBase"]
[SourceDate "2016.10.25"]
[SourceVersion "1"]
[SourceVersionDate "2016.10.25"]
[SourceQuality "1"]

1. e4 c5 2. Nf3 e6 3. d4 cxd4 4. Nxd4 Nf6 5. Nc3 d6 6. Be2 Be7 7. O-O a6 8. f4
Qc7 9. Kh1 O-O 10. a4 Nc6 11. Be3 Nxd4 12. Qxd4 Bd7 13. e5 Ne8 14. Qb4 Bc6 15.
Bb6 dxe5 16. Qa5 Qc8 17. fxe5 g6 18. Bd3 Bd8 19. Ne4 Bxb6 20. Qxb6 Qd8 21. Qe3
Bxe4 22. Qxe4 Qc7 23. a5 Rd8 24. b4 Ng7 25. g4 Qe7 26. Rae1 Rd7 27. Rf6 Rfd8
28. Ref1 Rd4 29. Qe3 Rxb4 30. Rxf7 Qxf7 31. Rxf7 Kxf7 32. Qc5 Rbd4 33. Qb6 R8d7
34. h3 R4d5 35. Kg2 Kg8 36. Kf3 Rxe5 37. h4 g5 38. h5 Ne8 39. Bxa6 bxa6 40.
Qxa6 Kf7 41. Qb6 Re1 42. Qb5 Nf6 43. a6 Ra1 44. Qxg5 Rxa6 45. Qh6 Ke8 46. Ke2
Rf7 47. Qg5 Rd6 48. c4 Rd4 49. Qb5+ Nd7 50. g5 Rf5 51. Qa6 Ke7 52. Qa3+ Rc5 53.
g6 hxg6 54. hxg6 Rdxc4 55. g7 Rg4 56. Qa1 Re5+ 57. Kf3 Rxg7 0-1